000 00366nam a2200145Ia 4500
008 191201s2013 xx 000 0 und d
082 _a510
_bGUD
100 _aGUPTA, Satinder bal
245 0 _aDiscrete Mathematics and Structures
250 _aRep
260 _aN. delhi
_bLaxmi Publications
_c2013
300 _a373
650 _aB.Tech(CSE)
942 _2ddc
_cBK
_018
999 _c5646
_d5646